The Effect of Stock Market Overvaluation on Merton’s Model

Mertonov model kreditného rizika sa používa na odhadovanie individuálnych pravdepodobností zlyhania. Odhaduje sa, že probitová regresia porovná predikčnú schopnosť modelu počas internetovej bubliny so zvyškom vzorky pri kontrole priemyselných a ekonomických podmienok.

Gespeichert in:
Bibliographische Detailangaben
1. Verfasser: Tabaček, Jakub, 1991-
Format: Buchkapitel
Sprache:Englisch
Schlagworte:
Tags: Tag hinzufügen
Keine Tags, Fügen Sie das erste Tag hinzu!

MARC

LEADER 00000naa$a2200000$$$4500
001 0303430
005 20260205074023.9
041 0 |a eng 
044 |a SK 
245 1 0 |a The Effect of Stock Market Overvaluation on Merton’s Model  |c Jakub Tabaček 
520 |a Mertonov model kreditného rizika sa používa na odhadovanie individuálnych pravdepodobností zlyhania. Odhaduje sa, že probitová regresia porovná predikčnú schopnosť modelu počas internetovej bubliny so zvyškom vzorky pri kontrole priemyselných a ekonomických podmienok. 
610 2 0 |a trh akciový 
610 2 0 |a hodnotenie 
610 2 0 |a zlyhanie trhu 
610 2 0 |a burzy cenných papierov 
610 2 0 |a ekonomika 
100 1 |a Tabaček, Jakub, 1991-